| 000 | 023530000a22003730004500 | ||
|---|---|---|---|
| 003 | LK-CoMWRAF | ||
| 008 | 230817t ||||| |||| 00| 0 eng d | ||
| 020 | _a9789551274320 | ||
| 040 |
_aLK-CoMWRAF _dLK-CoMWRAF _eLK-CoMWRAF |
||
| 041 | _aeng | ||
| 082 |
_a730 _bGLI |
||
| 245 |
_aNeth Maima (A Glimpse of the East) _bDakune Madyawedinge Negenehira Charikawa (Impressions of Southern Journalists) |
||
| 250 | _a1st Edition | ||
| 260 |
_bNational Peace Council _aSri Lanka (Colombo 06) _c2007 |
||
| 300 | _ap.100 | ||
| 650 | _aA correct picture of the eastern crisis is necessary by Ven. Mawadavila Shantha Thero - Telwatte | ||
| 650 | _aA society immune to bribery and corruption by Bandula Gunasekara (Journalist - Kamburupitiya) | ||
| 650 | _aChange of attitude necessary towards the ceasefire agreement by P.D. Liyanage by (Correspondent - Matara) | ||
| 650 | _aCivilian life in Trincomalee squashed by separatism, Shantha Mahindapala (Field Coordinator - National Peace Council) | ||
| 650 | _aFight for Peace by M.P. Chandrapala (Correspondent, Lankadeepa - Tangalle) | ||
| 650 | _aIf solidarity is to be ensured by Ariyadasa Kodituwakku (Correspondent, Lankadeepa - Tangalle) | ||
| 650 | _aKeeping space for freedom and Peace by T.K. Sugathadasa (Correspondent - Malimbada) | ||
| 650 | _aMy experience during the Eastern tour - D.J. Wijesinghe (Journalist - Elpitiya) | ||
| 650 | _aPeace without Peace by L.Y. Sujith Kumara (Journalist) | ||
| 650 | _aSouthern journalist four day observation tour of Trincomalee by Asoka Chandrasena (Correspondent - Matara) | ||
| 650 | _aThe Barbaric War - Ven. Morahela Sumanaransi Maha Thero - Uragasmanhandiya | ||
| 650 | _aThe Eastern Population still afflicted by the ill-effects of the War by Jayatissa Tennekoon | ||
| 650 | _aThe Kuchchiaveli - A poor villege by Justin Kodikara - Matara | ||
| 650 | _aThe People of the East suffering in the face of disparity in the distribution of Tsunami relief by W.P. Dharmasena (Journalist - Matara) | ||
| 650 | _aThe tour of the east by southern jounalists, Lasantha Wijayarathna (Editor-in-chief - Dakshina Lanka) | ||
| 650 | _aWithdrawal of security forces from Trincomalee by K.W. Gunawardene (Correspondent - Akuressa) | ||
| 650 | _aWomen of Kinniya by S. Dharmalingam (Field Coordinator - National Peace Council) | ||
| 942 | _cBK | ||
| 999 |
_c2098 _d2098 |
||